000 00656nam a22002177a 4500
003 DO-SdBNP
005 20240301132954.0
007 ta
008 210908b 2015 dr 00| 0 eng d
020 _a9789945498516
040 _aDO-SdBNP
_bspa
_cBNPHU
100 1 _aAraujo, Lorenzo
_974500
245 1 _aMesianismo sociológico en la poesía de Pedro Mir /
_cLorenzo Araujo
260 _aSanto Domingo :
_bUniversitaria -UASD,
_c2015.
300 _a48 p. ;
_c21 cm.
500 _aIncluye datos biográficos del autor en la contracubierta
504 _aBibliografía : p. 47-48
590 _aInventariado, 2021/BT
910 _aBtavárez
942 _2ddc
_cLBS1
999 _c50446
_d50446